Lanean...

International Relations

Xehetasun bibliografikoak
Egile nagusia: Nicholsons,MIchel
Formatua: Printed Book
Hizkuntza:Undetermined
Argitaratua: Palgrave,
Gaiak:
LEADER 00431nam a2200133Ia 4500
008 200324s9999 xx 000 0 und d
082 |a 327  |b NIC-I 
100 |a Nicholsons,MIchel 
245 0 |a International Relations 
260 |b Palgrave, 
650 |a International Relations 
942 |c BK 
999 |c 280671  |d 280671 
952 |0 0  |1 0  |4 0  |6 327_000000000000000_NICI  |7 0  |9 299217  |a SDE  |b SDE  |d 2009-01-05  |l 0  |o 327 NIC-I  |p SDE16337  |r 2020-03-27  |w 2020-03-27  |y BK